Disappeared science: biographical dictionary of Jewish scholars from Bohemia and Moravia- victims of Nazism, 1939 - 1945 (Record no. 29145)

MARC details
000 -LEADER
fixed length control field 00483nam a2200169Ia 4500
020 ## - INTERNATIONAL STANDARD BOOK NUMBER
ISBN 9788074650413
050 ## - CALL MARK
Classification number D 804.49 .D57/
100 ## - STATEMENT OF RESPONSIBILITY--MAIN AUTHOR NAME
Personal name Michal V. Simunek
245 #0 - TITLE STATEMENT
Title Disappeared science: biographical dictionary of Jewish scholars from Bohemia and Moravia- victims of Nazism, 1939 - 1945
260 ## - PUBLICATION, DISTRIBUTION, ETC. (IMPRINT)
Place of publication Praha
260 ## - PUBLICATION, DISTRIBUTION, ETC. (IMPRINT)
Name of publisher Pavel Mervart
260 ## - PUBLICATION, DISTRIBUTION, ETC. (IMPRINT)
Year of publication 2013
300 ## - PHYSICAL DESCRIPTION
Number of Pages 323 p
942 ## - ADDED ENTRY ELEMENTS (KOHA)
Koha item type Books
Holdings
Withdrawn status Lost status Source of classification or shelving scheme Damaged status Not for loan Permanent Location Current Location Date acquired Accession Number Price effective from Koha item type
    Library of Congress Classification     NILE UNIVERSITY OF NIGERIA - MAIN LIBRARY NILE UNIVERSITY OF NIGERIA - MAIN LIBRARY 04/23/2025 0186392 04/23/2025 Books